000 03422aam a2201117 a 4500
003 PE-LiUPU
005 20250813185716.0
008 241030b |||||||| |||| 00| 0 spa d
020 _a9789974987913
040 _aBNUY
_bspa
_cPE-LiUPU
_dPE-LiUPU
_erda
082 _223
_a363.11
_bB921s
092 _a12/119.418
092 _aU/6.921
100 1 _aBuchtik, Liliana.
_eautora.
245 1 0 _aSecretos para dominar la gestión de riesgos en proyectos :
_bel enfoque más práctico para gestionar los riesgos del proyecto + los temas de riesgos del exámen PMI-RMP /
_cLiliana Buchtik.
250 _aCuarta edición.
260 _a[Montevideo] :
_bButchik global,
_c2018.
300 _a455 páginas ;
_c23 centímetros.
504 _a¿Cuáles son los conceptos y beneficios de la gestión de riesgos? -- ¿Cómo planificas la forma de gestionar los riesgos? -- ¿Cómo identificas y documentas los riesgos? -- ¿Cómo analizas los riesgos? -- ¿Cómo cuantificas los riesgos? -- ¿Cómo te preparas para enfrentar los riesgos? -- ¿Cómo implementas los planes y monitoreas los riesgos? -- ¿Cómo llevas todo a la práctica? -- ¿Cómo tratas los riesgos relativos al alcance? -- ¿Cómo tratas los riesgos relativos al cronograma? -- ¿Cómo tratas los riesgos relativos a las personas? -- ¿Cómo tratas los riesgos relativos a las contrataciones? -- ¿Cómo tratas los riesgos relativos a la calidad? -- ¿Cómo tratas los riesgos relativos al costo? -- ¿Cómo comunicas los riesgos efectivamente? -- ¿Cómo son los que gestionan riesgos con éxito? -- ¿Qué software hay para gestionar riesgos cualitativamente? -- ¿Qué software hay para analizar los riesgos numéricamente? -- Lecciones sobre riesgos y modelo de madurez.
526 _aP202
526 _aP201
526 _aP163
526 _aP162
526 _aP161
526 _aP160
526 _aP148
526 _aP147
526 _aP146
526 _aP145
526 _aP144
526 _aP143
526 _aP142
526 _aP141
526 _aP140
526 _aP139
526 _aP138
526 _aP137
526 _aP136
526 _aP135
526 _aP134
526 _aP133
526 _aP129
526 _aP128
526 _aP127
526 _aP120
526 _aP119
526 _aP118
526 _aP116
526 _aP115
526 _aP114
526 _aP110
526 _aP109
526 _aP108
526 _aP104
526 _aP103
526 _aP102
526 _aP99
526 _aP98
526 _aP97
526 _aP96
526 _aP95
526 _aP93
526 _aP90
526 _aP89
526 _aP88
526 _aP83
526 _aP82
526 _aP62
526 _aP59
526 _aP58
526 _aP57
526 _aP51
526 _aP49
526 _aP48
526 _aP47
526 _aP29
526 _aP24
526 _aP20
526 _aP19
526 _aP17
526 _aP15
526 _aP14
526 _aP12
526 _aP10
526 _aP09
526 _aP08
526 _aP07
526 _aP06
526 _aP05
526 _aP04
526 _aP01
650 1 4 _aGestión de riesgos.
650 2 4 _aEmpresas
_xGestión.
942 _2ddc
_cBK
_n0
980 _618226
_aJaime Vilcazán Jefe de Análisis Documental
_81
_gALBERTO SANCHEZ Responsable de Automatización
999 _c62646
_d62645